000 00445 a2200205 4500
260 _aParis
100 _aMARESCA, Sylvain
260 _bINRA
245 _aL'Autoportrait : six agricultrices en quĂȘte d'image
300 _a190p.
650 _aphotographie
650 _aimage
260 _c1991
300 _bill.couv.ill.
130 _lFr.
440 _aEtat des lieux
020 _a2-7380-0305-2
999 _c27692
_d27692